| 000 | 00441nam a2200157 a 4500 | ||
|---|---|---|---|
| 001 | 000033363 | ||
| 005 | 20200930070216.0 | ||
| 008 | 110825s1913 dr 000 0 spa d | ||
| 040 |
_aDO-SdBNP _bspa _cBNPHU |
||
| 082 |
_axxxx _bC175 |
||
| 100 | 1 |
_aCambiaso, Rodolfo Domingo _958946 |
|
| 245 | 1 | 0 |
_aBosquejo sobre la historia / _cR. D. C. |
| 260 |
_aSanto Domingo : _bLa cuna de América, _c1913. |
||
| 300 |
_a35 p. ; _c26 cm. |
||
| 049 | _aBNPD | ||
| 999 |
_c32854 _d32854 |
||